Statystyki dla Flagi Europy

Kliknij tutaj aby rozwiązać quiz!

Ogólne statystyki

  • Ten quiz został rozwiązany 746 232 razy
  • Średni wynik to 35 z 45

Statystyki odpowiedzi

Odpowiedź% Poprawnych
Niemcy
100%
Wielka Brytania
99%
Francja
98%
Hiszpania
97%
Szwecja
97%
Grecja
96%
Norwegia
94%
Portugalia
94%
Finlandia
91%
Rosja
91%
Polska
90%
Włochy
87%
Ukraina
86%
Czechy
84%
Dania
84%
Irlandia
84%
Belgia
83%
Holandia
82%
Albania
81%
Szwajcaria
81%
Islandia
80%
Malta
79%
Austria
77%
Chorwacja
77%
Macedonia
77%
Watykan
77%
Węgry
75%
Bułgaria
74%
Estonia
74%
Monako
74%
Białoruś
72%
Łotwa
71%
Luksemburg
70%
Rumunia
70%
San Marino
70%
Serbia
70%
Słowacja
69%
Litwa
68%
Słowenia
67%
Bośnia i Hercegowina
64%
Czarnogóra
59%
Kosowo
58%
Liechtenstein
57%
Andora
51%
Mołdawia
48%

Rozkład punktacji

Percentyl według liczby udzielonych odpowiedzi

Procent ludzi z każdym wynikiem

Twoja historia wyników

Nie rozwiązałeś tego quizu